Metro Madrid Línea 3 - Statistics

General Stats
  • This quiz has been taken 64 times
  • The average score is 14 of 18
Answer Stats
Answer % Correct
Moncloa
97%
Sol
92%
Villaverde Alto
92%
Argüelles
89%
Callao
89%
Legazpi
87%
Plaza de España
84%
Lavapiés
79%
Ventura Rodríguez
79%
Embajadores
76%
Delicias
74%
Villaverde Bajo Cruce
74%
Almendrales
71%
San Cristóbal
71%
Ciudad de los Ángeles
68%
Hospital 12 de Octubre
68%
Palos de la Frontera
68%
San Fermín-Orcasur
66%
No matching quizzes found
Score Distribution
Percent of People with Each Score
Percentile by Number Answered
Your Score History
You have not taken this quiz